| 000 | 00443cam a2200157ua 4500 | ||
|---|---|---|---|
| 008 | 250113b |||||||| |||| 00| 0 eng d | ||
| 041 | _aeng | ||
| 082 |
_a621.9 _bHAJ/EL |
||
| 100 |
_aHajara Choudhary, S K . _91292 |
||
| 245 | _aElements of workshop technology / | ||
| 250 | _a9 / | ||
| 260 |
_aBombay : _bMedia promoters and publishers pvt Ltd , _c1986. |
||
| 300 | _a637 ; . | ||
| 700 | 1 |
_aHajara choudhary, A K . _96924 |
|
| 942 | _cBK | ||
| 999 |
_c11128 _d11128 |
||